000 00404nam a2200157Ia 4500
005 20250506110837.0
008 231207s9999 xx 000 0 und d
020 _a9781845400323
040 _cPK-LaNCA
082 _aMPH 304.20115
_bCYB
100 _aBateson, Gregory
245 0 _aCybernetics and human knowing
260 _aImprint Academic
_bExeter, UK
300 _a182p.; ills
942 _cM.PHIL.
999 _c26321
_d26321